History Quiz

Random History or Nation Quiz

Historical Figures: French or German? Quiz Stats

 Plays Quiz Updated Feb 17, 2015

Score 0/30 Timer 07:00
4 Plays Today
% Correct
French (Voltaire)
93.2%
German (Karl Marx)
86.5%
French (Louis XVI)
83.8%
French (Jacques Chirac)
81.4%
French (Georges Pompidou)
79.9%
German (Martin Luther)
77.9%
German (Konrad Adenauer)
75.9%
French (Blaise Pascal)
75.3%
German (Georg Wilhelm Friedrich Hegel)
74.7%
German (Richard Wagner)
74%
German (Max Planck)
73.4%
French (Albert Camus)
73.3%
French (René Descartes)
72.9%
German (Friedrich Nietzsche)
72.2%
German (Joseph Goebbels)
70.1%
% Correct
German (Hermann Hesse)
70%
French (Claude Debussy)
64.7%
French (Charles de Gaulle)
64.7%
French (Charles Baudelaire)
64.4%
German (Johannes Gutenberg)
63.6%
German (Otto von Bismarck)
62.4%
French (Honoré de Balzac)
60%
French (Jean-Paul Sartre)
56.2%
German (Johannes Kepler)
51.5%
German (Johann Wolfgang von Goethe)
51.2%
French (Georges Bizet)
45.4%
French (Louis Pasteur)
39.7%
French (Claude Monet)
37.6%
German (Gottfried Wilhelm von Leibniz)
37.6%
German (Immanuel Kant)
27.2%

You're not logged in!

Compare scores with friends on all Sporcle quizzes.
OR
Log In

You Might Also Like...

Show Comments

Extras

Top Quizzes Today


Score Distribution

Your Account Isn't Verified!

In order to create a playlist on Sporcle, you need to verify the email address you used during registration. Go to your Sporcle Settings to finish the process.

Report this User

Report this user for behavior that violates our Community Guidelines.

Details: